La Syrie de Bashar al-Asad : (Record no. 28168)

MARC details
000 -LEADER
campo de control de longitud fija 00967cam a22003255i 4500
001 - NÚMERO DE CONTROL
campo de control 111593
005 - FECHA Y HORA DE LA ÚLTIMA TRANSACCIÓN
campo de control 20230410103914.0
008 - DATOS DE LONGITUD FIJA--INFORMACIÓN GENERAL
campo de control de longitud fija 130521s2013 fr 000 0 fre
035 ## - NÚMERO DE CONTROL DEL SISTEMA
Número de control de sistema 17788468
020 ## - NÚMERO INTERNACIONAL ESTÁNDAR DEL LIBRO
Número Internacional Estándar del Libro 9782701164670
035 ## - NÚMERO DE CONTROL DEL SISTEMA
Número de control de sistema (FrPJT)JTL00327051
040 ## - FUENTE DE CATALOGACIÓN
Centro catalogador/agencia de origen DLC
Lengua de catalogación eng
Centro/agencia transcriptor DLC
Normas de descripción rda
041 ## - CÓDIGO DE IDIOMA
Código de lengua del texto/banda sonora o título independiente fre
042 ## - CÓDIGO DE AUTENTICACIÓN
Código de autenticación pcc
050 14 - SIGNATURA TOPOGRÁFICA DE LA BIBLIOTECA DEL CONGRESO
Número de clasificación 432 DS 98.6
Número de ítem B429s 2013
100 1# - ENTRADA PRINCIPAL--NOMBRE DE PERSONA
Nombre de persona Belhadj, Souhail.
245 13 - MENCIÓN DEL TÍTULO
Título La Syrie de Bashar al-Asad :
Resto del título anatomie d'un regime autoritaire /
Mención de responsabilidad, etc. Souhail Belhadj.
264 ## - PRODUCCIÓN, PUBLICACIÓN, DISTRIBUCIÓN, FABRICACIÓN Y COPYRIGHT
Producción, publicación, distribución, fabricación y copyright Paris :
Nombre del de productor, editor, distribuidor, fabricante Belin,
Fecha de producción, publicación, distribución, fabricación o copyright c2013.
300 ## - DESCRIPCIÓN FÍSICA
Extensión 464 p. ;
Dimensiones 22 cm
600 10 - PUNTO DE ACCESO ADICIONAL DE MATERIA--NOMBRE DE PERSONA
Nombre de persona Assad, Bashar,
Fechas asociadas al nombre 1965-
650 #0 - PUNTO DE ACCESO ADICIONAL DE MATERIA--TÉRMINO DE MATERIA
Término de materia o nombre geográfico como elemento de entrada Political leadership
Subdivisión geográfica Syria.
651 #0 - PUNTO DE ACCESO ADICIONAL DE MATERIA--NOMBRE GEOGRÁFICO
Nombre geográfico Syria
Subdivisión general Politics and government
Subdivisión cronológica 2000-
651 #0 - PUNTO DE ACCESO ADICIONAL DE MATERIA--NOMBRE GEOGRÁFICO
Nombre geográfico Syria
Subdivisión general History
Subdivisión cronológica Protests, 2011-
650 #0 - PUNTO DE ACCESO ADICIONAL DE MATERIA--TÉRMINO DE MATERIA
Término de materia o nombre geográfico como elemento de entrada Government, Resistance to
Subdivisión geográfica Syria.
651 #4 - PUNTO DE ACCESO ADICIONAL DE MATERIA--NOMBRE GEOGRÁFICO
Nombre geográfico Siria
Subdivisión general Política y gobierno
Subdivisión cronológica 2000-
923 ## -
-- 20130611
-- B10005693
-- FrPJT
942 ## - ELEMENTOS DE ENTRADA SECUNDARIOS (KOHA)
Fuente del sistema de clasificación o colocación Clasificación de Library of Congress
Tipo de ítem Koha
985 ## -
-- VENDOR LOAD
946 ## - PROCESAMIENTO DE INFORMACIÓN LOCAL (OCLC)
a lmd
Holdings
Estatus retirado Estado de pérdida Fuente del sistema de clasificación o colocación Estado de daño No para préstamo Colección Biblioteca de origen Biblioteca actual Ubicación en estantería Fecha de adquisición Serial enumeration / chronology Signatura topográfica completa Código de barras Visto por última vez Copia número Tipo de ítem Koha
    Clasificación de Library of Congress     Recursos Regionales Biblioteca Juan Bosch Biblioteca Juan Bosch Recursos Regionales (2do. Piso) 10/04/2023 1 432 DS 98.6 B429s 2013 00000105213 23/10/2018 1